000 00696nam a2200253Ia 4500
003 OSt
005 20221006160523.0
006 a|||||r|||| 00| 0
007 ta
008 221006b |||||||| |||| 00| 0 eng d
020 _a9784770027290
_c
_35.00
024 _a45,377
037 _cTextual
040 _aEASL
_cEASL
_beng
041 _2eng
_aeng
082 _aV42:1973.P01, P1
100 _aIRIYE Akira Ed.
_917230
245 0 _aPartnership
_b united states and Japan 1951-2001
260 _aTokyo
_bKodansha International
_c2001
300 _a336p.
_ccm.
490 _v JEL
942 _hV42:1973.P01, P1
_cTEXL
_2CC
999 _c1113469
_d1113469